Every Kingdom Rush Enemy + Boss - Statistics

General Stats
  • This quiz has been taken 31 times
  • The average score is 196 of 446
Answer Stats
First Appearance Answer % Correct
Twin Rivers Bandit
100%
Twin Rivers Brigand
100%
The Citadel Dark Knight
100%
Stormcloud Temple Dark Slayer
100%
The Citadel Gargoyle
100%
Silveroak Forest Giant Spider
100%
Southport Goblin
100%
Silveroak Forest Marauder
100%
Pagras Ogre
100%
Southport Orc
100%
Pagras Shaman
100%
Silveroak Forest Spider Matriarch
100%
The Citadel The Juggernaut
100%
Silveroak Forest Worg
100%
The Farmlands Wulf
100%
Ancient Necropolis | Bonesburg Abomination
75%
Grimmsburg Bandersnatch
75%
Bonesburg Bat
75%
Nightfang Swale Black Hag
75%
Galadrian's Wall Blood Gnoll
75%
Galadrian's Wall Blood Ogre
75%
Storm Atoll Bloodshell
75%
Ma'qwa Urqu Blood Trickster
75%
Storm Atoll Bluegale
75%
Neverwonder Boomshroom
75%
Beheader's Seat Bram the Beheader
75%
Pit of Fire Cerberus
75%
Arcane Quarters Cloud Stalker
75%
The Wastes Demon Hound
75%
Forsaken Valley Demon Imp
75%
Pit of Fire Demon Legion
75%
The Wastes Demon Lord
75%
The Wastes Demon Spawn
75%
Dunes of Despair Desert Archer
75%
FRONTERS - Hammerhold Desert Thug
75%
Mactans' Retreat Drider
75%
Hammerhold Dune Raider
75%
Dunes of Despair Dune Terror
75%
Snapvine Bridge Earth Shaman
75%
Redwood Stand Ettin
75%
Buccaneer's Den Executioner
75%
Sape Oasis Fallen
75%
Ancient Necropolis Fallen Knight
75%
Pit of Fire Flareon
75%
Ruins of Acaroth Forest Troll
75%
Back To The Rotten Forest | Desecrated Grove Ghost
75%
Bonesburg Ghoul
75%
Rotwick Giant Rat
75%
Dunes of Despair Giant Scorpion
75%
Dunes of Despair Giant Wasp
75%
Nazeru's Gates Giant Wasp Queen
75%
Grimmsburg Gloomy
75%
Gray Ravens Gnoll Burner
75%
The Citadel Golem Head
75%
Snapvine Bridge Gorillon
75%
Port Tortuga Greenfin
75%
Rotten Forest Greenmuck
75%
Pit of Fire Gulaemon
75%
Ruins of Acaroth Gul'Thak
75%
Rotten Forest Husk
75%
Waterfalls Trail Hyena
75%
Sape Oasis Immortal
75%
Desecrated Grove Jack O'Lantern
75%
Stormcloud Temple J.T.
75%
Crimson Valley Jungle Matriarch
75%
Crimson Valley Jungle Spider
75%
The Sunken Citadel Leviathan
75%
Castle Blackburn Lord Blackburn
75%
Desecrated Grove | Nightfang Swale Lycan
75%
The Unseelie Court Malicia
75%
Pandaemonium Moloch
75%
Neverwonder Munchshroom
75%
Fungal Forest Myconid
75%
Nazeru's Gates Nazeru
75%
Forsaken Valley Necromancer
75%
Rotten Forest Noxious Creeper
75%
Blood Quarry Ogre Magi
75%
Ruins of Acaroth Orc Champion
75%
Waterfalls Trail Perython
75%
Desecrated Grove Phantom Warrior
75%
Hushwood Pillager
75%
Lost Jungle Poukai
75%
Lost Jungle Poukai Rider
75%
Temple of Saqra Quincon
75%
Lost Jungle Reaper
75%
The Crystal Lake Redcap
75%
Port Tortuga Redspine
75%
Stormcloud Temple Rocket Rider
75%
Buccaneer's Den Sand Hound
75%
Buccaneer's Den Sand Wraith
75%
Sarelgaz's Lair Sarelgaz
75%
Rockhenge Satyr Hoplite
75%
Beresad's Lair Saurian Blazefang
75%
The Underpass Saurian Broodguard
75%
The Underpass Saurian Brute
75%
Beresad's Lair Saurian Darter
75%
Darklight Depths Saurian Deathcoil
75%
The Underpass Saurian Myrmidon
75%
The Underpass Saurian Nightscale
75%
Beresad's Lair Saurian Quetzal
75%
The Underpass Saurian Razorwing
75%
Beresad's Lair Saurian Savant
75%
Snapvine Bridge Savage Hunter
75%
Crimson Valley Savage Warrior
75%
Ma'qwa Urqu Savage Zombie
75%
The Citadel Shadow Archer
75%
Tainted Pit Shadow Champion
75%
The Wastes Skeleton
75%
The Wastes Skeleton Knight
75%
Mactans' Retreat Son of Mactans
75%
Sarelgaz's Lair Son of Sarelgaz
75%
Ancient Necropolis Spectral Knight
75%
Snapvine Bridge Spirit Shaman
75%
Rotten Forest Swamp Thing
75%
Rockhenge Sword Spider
75%
Bandit's Lair The Kingpin
75%
Coldstep Mines Troll
75%
Glacial Heights Troll Breaker
75%
Icewind Pass Troll Champion
75%
Icewind Pass Troll Chieftain
75%
Glacial Heights Troll Pathfinder
75%
The Crystal Lake Twilight Avenger
75%
The Ascent Twilight Golem
75%
Royal Gardens Twilight Harasser
75%
Arcane Quarters Twilight Heretic
75%
HaKraj Plateau Ulguk-Hai
75%
Temple of Saqra Umbra
75%
Dusk Chateau Vampiresa
75%
Dusk Chateau Vasile
75%
The Dark Tower Vez'nan
75%
Sape Oasis War Hound
75%
Rotwick Wererat
75%
Back To The Rotten Forest | Bonesburg | Nightfang Swale Werewolf
75%
Coldstep Mines Winter Wolf
75%
Crimson Valley Witch Doctor
75%
Ruins of Acaroth Worg Rider
75%
Darklight Depths Xyzzy
75%
Icewind Pass Yeti
75%
The Unseelie Court Zealot
75%
Bonesburg | Rotwick Zombie
75%
Ruins of Nas'de Anoobis
50%
Mactans' Retreat Arachnomancer
50%
Duredhel Outskirts Baj'Nimen the Hateful
50%
Port Tortuga Blacksurge
50%
Duskwood Outpost Blood Servant
50%
The Unseelie Court Bunny
50%
Dwaraman Gates Devourer
50%
Neverwonder Fungus Breeder
50%
Redwood Stand Gnoll Blighter
50%
The High Cross Gnoll Gnawer
50%
ORIGINS - Gray Ravens Gnoll Reaver
50%
Valor's Rest Gnoll Warleader
50%
Ruins of Acaroth Goblin Sapper
50%
Port Tortuga Gunboat
50%
Gryphon Point Hi-Hi Enha
50%
Rage Valley Hobgoblin Chief
50%
Forsaken Valley Magma Elemental
50%
Temple of Saqra Mandrillos
50%
Duredhel Outskirts Mounted Avenger
50%
Lost Jungle Parasyte
50%
Hushwood Raider
50%
The Ascent Razorboar
50%
Temple of Ethereal Evil Reaper Lord
50%
Fungal Forest Rotshroom
50%
Ma'qwa Urqu Savage Brute
50%
Grimmsburg Scourger Banshee
50%
A Night In The Swamp | Duredhel Outskirts Screecher Bat
50%
Emberspke Depths Shade Elemental
50%
Dwaraman Gates Shadowspawn
50%
City of Lozagon | Other Sheep
50%
Arcane Quarters Spiderbrood
50%
Shrine of Elynie Spider Goddess
50%
Silveroak Forest Spider Hatchling
50%
Rotten Forest Tainted Treant
50%
Twilight Invasion Twilight Brute
50%
The Ascent Twilight Evoker
50%
Grimmsburg Twilight Scourger
50%
Otil Farmlands Watchdog
50%
Rockhenge Webspitter Spider
50%
Bleak Valley Acolyte Tentacle
25%
Dragon's Gate Acrid Wyrm
25%
Silveroak Outpost Alleria Swiftwind
25%
Hammerhold Streets Alric
25%
Deepleaf Outpost Animated Armor
25%
Anurian Plaza Anurian Channeler
25%
Maginicia Shores Anurian Chaser
25%
Anurian Plaza Anurian Erudite
25%
Maginicia Shores Anurian Infuser
25%
Maginicia Shores Anurian Warden
25%
Monkey Island Apemate
25%
Frozen Rapids Apex Shard
25%
Frozen Rapids Apex Stalker
25%
City of Lozagon Arcane Magus
25%
Fire Dragon Cave Ash Spirit
25%
Otil Farmlands Baa San
25%
Defiled Temple Ballooning Spider
25%
Misty Ruins Bane Wolf
25%
The Guardian Gate Bear Vanguard
25%
Ravaged Outskirts Bear Woodcutter
25%
Desecrated Temple Bladeclaw Horror
25%
Celestial Monkey Forest Blaze Raider
25%
Northerners' Outpost Blue Wyvern
25%
Corsairs Brotherhood Boatswain
25%
Bolgur's Throne Bolgur
25%
Corsairs Brotherhood Bomber Parrot
25%
Back To The Rotten Forest Bone Carrier
25%
Wicked Crossing Bound Nightmare
25%
Darksteel Gates Brute Welder
25%
Corsairs Brotherhood Buccaneer
25%
The Demon King Stronghold Bull Demon King
25%
Sharkpool Reef Bullshark Dasher
25%
Celestial Monkey Forest Burning Treant
25%
Wizard's Landing Camel Rider
25%
Treasure Island Captain Blackthorne
25%
City of Rivers Carnival Dragon
25%
Lightseeker Camp Cavalier
25%
Lost Passage Cave Dwarf
25%
Corridors of the Old City Chomp Bot
25%
Dragon's Gate Cinderling
25%
Tempest Island Citizen
25%
Corridors of the Old City Clockwork Spider
25%
Replication Chamber Clone
25%
Skullwreck Bay Corpse Recruiter
25%
A Night In The Swamp Corrosive Soul
25%
Canyon Plateau Corrupted Denas
25%
Bleak Valley Corrupted Stalker
25%
Corsairs Brotherhood Corsair
25%
Arborean Hamlet Crokinder
25%
Maginicia Shores Crystal Amphiptere
25%
Anurian Plaza Crystal Demolisher
25%
Temple Courtyard Crystal Golem
25%
Carmine Mines Cult Abomination
25%
Bleak Valley Cult Acolyte
25%
Breeding Chamber Cultbrood
25%
Carmine Mines Cult Priest
25%
The Guardian Gate Cutthroat Rat
25%
Kazan Mines Cyclopter
25%
Dwaraman Gates Dark Spitter
25%
Colossal Core Darksteel Anvil
25%
Frantic Assembly Darksteel Fist
25%
Darksteel Gates Darksteel Guardian
25%
Darksteel Gates Darksteel Hammerer
25%
Replication Chamber Darksteel Hulk
25%
Darksteel Gates Darksteel Shielder
25%
Misty Ruins Deathwood
25%
Sharkpool Reef Deep King
25%
Replication Chamber Deformed Clone
25%
The Demon King Stronghold Demon Minotaur
25%
Wizard's Landing Desert Eagle
25%
Storm Atoll Deviltide
25%
Silveroak Outpost Devoted Priest
25%
Sape Oasis Djinni
25%
The Demon King Stronghold Doombringer
25%
Dragon's Power Dragon King
25%
The Breeding Ground Drakmother
25%
Northerners' Village Draugr
25%
Emerald Treetops Dreadeye Viper
25%
Hammerhold Streets Drum Elephant
25%
Misty Ruins Dust Cryptid
25%
Dwarven Gate Dwarf Bruiser
25%
Silveroak Outpost Elven Ranger
25%
Corruption Valley Evolving Scourge
25%
The Breeding Ground Executhos
25%
Wizard's Landing Falconer
25%
The Eye of the Storm Fan Guard
25%
Otil Farmlands Farmer
25%
Monkey Island Filibusters
25%
Celestial Monkey Forest Fire Fox
25%
Celestial Monkey Forest Flame Guard
25%
Warden Fortress Flame Wyrm
25%
Corruption Valley Flesh Behemoth
25%
Darksteel Gates Flying Sentry
25%
Otil Farmlands Footman
25%
Jokull's Nest Frost Giant
25%
Breaking the Ice Frozen Heart
25%
Breaking the Ice Frozen Soul
25%
Tempest Island Gale Warrior
25%
The Breeding Ground Gale Wyrm
25%
Arborean Hamlet Gator
25%
Skullwreck Bay Ghostly Barge
25%
Northerners' Outpost Glacial Wolf
25%
Carmine Mines Glarebrood
25%
Canyon Plateau Glareling
25%
Defiled Temple Glarewarden
25%
Inner Sanctuary Gloom Drak
25%
Royal Gardens Gnoll Catapult
25%
Tainted Pit Godieth
25%
The Demon King Stronghold Golden-Eyed Beast
25%
City of Lozagon Golem House
25%
The Wildbeast Den Goregrind
25%
Monkey Island Great Macaw
25%
The Original World Great-T
25%
Dominion Dome | Frantic Assembly Grymbeard
25%
Silveroak Outpost Gryphon Bombardier
25%
Sharkpool Reef Hammermage
25%
Skullwreck Bay Hanged Captain
25%
Back To The Rotten Forest Haunted Skeleton
25%
The Demon King Stronghold Hellfire Warlock
25%
City of Lozagon High Sorcerer
25%
ALLIANCE - Sea of Trees Hog Invader
25%
VENGEANCE - Vez'nan's Tower Human Woodcutter
25%
Vez'nan's Tower Human Worker
25%
Otil Farmlands Hunting Eagle
25%
The Sunken Ruins Hydra
25%
Into the Mountains Ice Reaper
25%
Frozen Rapids Ice Witch
25%
Dragon's Gate Ignigon
25%
The Eye of the Storm Illusory Decoy
25%
Otil Farmlands Joe Jenkins
25%
Jokull's Nest Jokull
25%
Arborean Hamlet KIllertile
25%
Northerners' Village Leap Dragon
25%
Breeding Chamber Leechfang
25%
Wizard's Landing Legion Archer
25%
Wizard's Landing Legionnaire
25%
Sharkpool Reef Lemonshark Slasher
25%
Nazeru's Gates Lesser Efreeti
25%
Blighted Farmlands Lesser Eye
25%
A Night In The Swamp Lich
25%
Arborean Hamlet Lizardshot
25%
Monkey Island Macaque
25%
Frantic Assembly Mad Tinkerer
25%
Sape Oasis Magic Carpet
25%
Warden Fortress Magma Drak
25%
The Grand Arena Malik Hammerfury
25%
The Lost Empire Master Assassin
25%
Clockwork Factory MechaDwarf MK.9
25%
Sharkpool Reef Megalodon
25%
Hammerhold Streets Merchant
25%
Blighted Farmlands Mindless Husk
25%
Sape Oasis Mirage
25%
Ancient Gate Mogwai
25%
The Eye of the Storm Monster Illusory Decoy
25%
Warden Fortress Murglun
25%
Rotten Forest Mutated Hatchling
25%
Canyon Plateau Mydrias' Illusion
25%
The Forgotten Throne Mygale
25%
Frozen Rapids Nanoq Warbear
25%
Temple of the Fallen Navira
25%
The Sunken Ruins Nesting Gator
25%
Ancient Gate Nian
25%
Wicked Crossing Nightmare
25%
Sape Oasis Nomad
25%
Frozen Rapids Northern Berserker
25%
Northerners' Outpost Northern Huntress
25%
Northerners' Outpost Northern Wildling
25%
Desecrated Temple Noxious Spitter
25%
The Eye of the Storm Palace Guard
25%
Lightseeker Camp Paladin
25%
Denas's Castle Paragon
25%
The Heart of the Forest Patrolling Vulture
25%
Pond of the Sage Polyx the Wise
25%
Excavation Gateway Prehistoric Dwarf
25%
Defiled Temple Priest of the Web
25%
The Breeding Ground Prime Symbiote
25%
The Eye of the Storm Princess Iron Fan
25%
Lost Passage Pterodactyl
25%
Other Pumpkling
25%
Golden Brewery Quarry Worker
25%
Arborean Hamlet Quickfeet
25%
Ravaged Outskirts Razing Rhino
25%
Otil Farmlands Recruit
25%
Fire Dragon Cave Red Boy
25%
Temple of the Fallen Revenant Harvester
25%
Misty Ruins Revenant Ranger
25%
Deepleaf Outpost Revenant Soulcaller
25%
Skullwreck Bay Risen Cutthroat
25%
Monkey Island Rolling Boulder
25%
Darksteel Gates Rolling Sentry
25%
Emerald Treetops Rottenfang Hyena
25%
Monkey Island Rushing Monkey
25%
The Lost Empire Sand Mystic
25%
Hammerhold Streets Sand Warrior
25%
Rockhenge Satyr Cutthroat
25%
Corsairs Brotherhood Scoundrel
25%
Frantic Assembly Scrap Drone
25%
Darksteel Gates Scrap Speedster
25%
The Eyesore Tower Seeress Mydrias
25%
Wicked Crossing Shackler
25%
Lightseeker Camp Shieldbearer
25%
Emberspke Depths Shred of Darkness
25%
The Forgotten Throne Silk Daughter
25%
Ravaged Outskirts Skunk Bombardier
25%
Kazan Mines Smokebeard Engineer
25%
Breaking the Ice Snow Golem
25%
Dragon's Gate Sparkling
25%
Misty Ruins Specter
25%
Skullwreck Bay Spectro
25%
Defiled Temple Spider Sister
25%
Dragon's Gate Spitling
25%
Golden Brewery Stonebeard Geomancer
25%
Tempest Island Storm Drakeling
25%
Golden Brewery Sulfur Alchemist
25%
Jokull's Nest Svell Druid
25%
Monkey Island Tailblade
25%
Starving Hollow Tankzard
25%
Carmine Mines Taskmaster Abomination
25%
Tempest Island Tempest Spirit
25%
The Ancient Ghosts The Ancient Ghosts
25%
Corsairs Brotherhood The Black Corsair
25%
Hunger's Peak The Overseer
25%
The Frozen Throne The Winter Queen
25%
The Breeding Ground Thunder Drak
25%
Sharkpool Reef Tigershark Rager
25%
Otil Farmlands Troop Captain
25%
The Heart of the Forest Turtle Shaman
25%
Sea of Trees Tusked Brawler
25%
Bleak Valley Twisted Sister
25%
Crown of the Cloud Realm Tyranthor
25%
Northerners' Village Valkyrie
25%
Inner Sanctuary Veil Wyrm
25%
Excavation Gateway Velociraptor
25%
Blighted Farmlands Vile Spawner
25%
Canyon Plateau Void Blinker
25%
Hammerhold Streets War Elephant
25%
Dwarven Gate Warhammer Guard
25%
Denas's Castle War Wagon
25%
Tempest Island Water Master
25%
Tempest Island Water Spirit
25%
Arborean Hamlet Winged Crok
25%
Into the Mountains Winter Lord
25%
The Sunken Ruins Wise Crok
25%
Celestial Monkey Forest Wuxian
25%
Celestial Monkey Forest Zhuque
25%
Starving Hollow Abominor
0%
Monkey Island Boom Baboom
0%
Dragon's Gate Caustic Drsak
0%
Skullwreck Bay Foul Cockatoo
0%
Lightseeker Camp Garald Lightseeker
0%
Defiled Temple Glarebrood Crystal
0%
Lightseeker Camp Mustakeer
0%
Celestial Monkey Forest Nine-Failed Fox
0%
Tempest Island Qionhqi
0%
Inner Sanctuary Shadeling
0%
Temple Courtyard Tamad Stalker
0%
Kazan Mines Tinbeard Gunman
0%
No matching quizzes found
Score Distribution
Percent of People with Each Score
Percentile by Number Answered
Your Score History
You have not taken this quiz